[Event "Hull CC 29 Ann-A"]
[Site "Gatineau CAN"]
[Date "2008.09.16"]
[Round "2"]
[White "Groleau, Gilles"]
[Black "Libersan, Mattieu"]
[Result "1-0"]
[WhiteElo "1959"]
[BlackElo "1948"]
[PlyCount "133"]
[GameId "2160767910319847"]
[EventDate "2008.09.09"]
[EventType "tourn"]
[EventRounds "5"]
[EventCountry "CAN"]
[SourceTitle "EXT 2022"]
[Source "ChessBase"]
[SourceDate "2021.10.06"]
[SourceVersion "1"]
[SourceVersionDate "2021.10.06"]
[SourceQuality "1"]

1. e4 c5 2. Nc3 Nc6 3. f4 g6 4. Nf3 Bg7 5. Bb5 e6 6. Bxc6 bxc6 7. d3 d5 8. O-O Ne7 9. Qe1 O-O 10. Na4 c4 11. dxc4 c5 12. e5 Qc7 13. Qf2 d4 14. b3 Bd7 15. Nb2 Rac8 16. Nd3 Rfd8 17. a4 Bc6 18. Ba3 Bxf3 19. Qxf3 Qb6 20. g4 Rd7 21. Rad1 Qa5 22. Qf2 Qb6 23. Qe2 Qa5 24. Rf3 Qb6 25. Rdf1 Qa5 26. Bc1 Qc7 27. Bd2 Qb6 28. Be1 Qc7 29. Bh4 Qb6 30. Bxe7 Rxe7 31. g5 h5 32. Nf2 Ree8 33. Rd3 Qc6 34. Ne4 Red8 35. Rff3 Qc7 36. Rh3 Kf8 37. Qf3 Qb6 38. Rg3 Qb4 39. Qf2 Qb6 40. Rd1 Qc6 41. Qe2 Rd7 42. Rgd3 Qb6 43. c3 a5 44. cxd4 Rxd4 45. Rxd4 cxd4 46. Qd3 Rb8 47. Rb1 Rd8 48. c5 Qc6 49. Rc1 Kg8 50. Rc4 Bf8 51. Nd6 Rb8 52. Qe4 Rc8 53. Qxc6 Rxc6 54. Kf1 Be7 55. Ke2 Kf8 56. Kd3 Bd8 57. Kxd4 Ke7 58. Kc3 Bc7 59. Nb5 Bb8 60. Nd4 Rc8 61. c6 Ba7 62. Nb5 Bb6 63. b4 Kd8 64. Nd6 Rc7 65. b5 Ke7 66. Kd3 Kd8 67. Rc2 1-0

[Event "Hull CC 29 Ann-A"]
[Site "Gatineau CAN"]
[Date "2008.09.16"]
[Round "2"]
[White "Szalay, Karoly"]
[Black "Brousseau, Yvan"]
[Result "1-0"]
[WhiteElo "2095"]
[BlackElo "1996"]
[PlyCount "63"]
[GameId "2160767910319848"]
[EventDate "2008.09.09"]
[EventType "tourn"]
[EventRounds "5"]
[EventCountry "CAN"]
[SourceTitle "EXT 2022"]
[Source "ChessBase"]
[SourceDate "2021.10.06"]
[SourceVersion "1"]
[SourceVersionDate "2021.10.06"]
[SourceQuality "1"]

1. e4 Nc6 2. d4 d5 3. e5 Bf5 4. c3 f6 5. f4 e6 6. Bd3 Bxd3 7. Qxd3 fxe5 8. fxe5 Qh4+ 9. g3 Qh5 10. Ne2 g5 11. h3 Be7 12. g4 Qh4+ 13. Qg3 Qxg3+ 14. Nxg3 Kd7 15. O-O Nh6 16. Be3 Raf8 17. Nd2 Nf7 18. b4 a6 19. a4 Na7 20. Nh5 b6 21. Nb3 h6 22. a5 b5 23. Nf6+ Kd8 24. Ra2 Nc6 25. Raf2 Bxf6 26. Rxf6 Ke7 27. Nc5 Nfd8 28. Nxa6 Rxf6 29. Rxf6 Kd7 30. h4 gxh4 31. Bxh6 Ne7 32. Nc5+ 1-0

[Event "Hull CC 29 Ann-A"]
[Site "Gatineau CAN"]
[Date "2008.09.23"]
[Round "3"]
[White "Brousseau, Yvan"]
[Black "Cossette, Daniel"]
[Result "1-0"]
[WhiteElo "1996"]
[BlackElo "2122"]
[PlyCount "105"]
[GameId "2160767910319849"]
[EventDate "2008.09.09"]
[EventType "tourn"]
[EventRounds "5"]
[EventCountry "CAN"]
[SourceTitle "EXT 2022"]
[Source "ChessBase"]
[SourceDate "2021.10.06"]
[SourceVersion "1"]
[SourceVersionDate "2021.10.06"]
[SourceQuality "1"]

1. f4 d5 2. Nf3 Nf6 3. b3 Bg4 4. e3 c6 5. h3 Bxf3 6. Qxf3 Nbd7 7. Bb2 e6 8. g4 Ne4 9. g5 Qc7 10. Nc3 Nxc3 11. Bxc3 e5 12. fxe5 Nxe5 13. Qf5 Bd6 14. O-O-O Qd7 15. Qxd7+ Kxd7 16. Bg2 Rhe8 17. Rhf1 Ke7 18. Rf5 Kf8 19. Rdf1 Re7 20. e4 dxe4 21. Bxe4 Nd7 22. Bd3 b5 23. R5f2 Kg8 24. Bf5 Rae8 25. Bd4 c5 26. Be3 Nb6 27. Bf4 Bxf4 28. Rxf4 Re1+ 29. Rxe1 Rxe1+ 30. Kb2 g6 31. Be4 Nc8 32. Bd5 Re7 33. Rf6 Nb6 34. Bc6 b4 35. Rf4 Re5 36. h4 Nc8 37. d4 cxd4 38. Rxd4 Ne7 39. Be4 a5 40. a3 bxa3+ 41. Kxa3 Nf5 42. Bxf5 Rxf5 43. c4 f6 44. gxf6 Rxf6 45. c5 Rc6 46. Rc4 Kf7 47. Ka4 Ke6 48. Kxa5 Kd5 49. Kb5 h6 50. Rd4+ Kxd4 51. Kxc6 g5 52. hxg5 hxg5 53. Kd6 1-0

[Event "Hull CC 29 Ann-A"]
[Site "Gatineau CAN"]
[Date "2008.09.23"]
[Round "3"]
[White "Desjardins, Michel"]
[Black "Groleau, Gilles"]
[Result "1/2-1/2"]
[WhiteElo "1931"]
[BlackElo "1959"]
[PlyCount "65"]
[GameId "2160767910319850"]
[EventDate "2008.09.09"]
[EventType "tourn"]
[EventRounds "5"]
[EventCountry "CAN"]
[SourceTitle "EXT 2022"]
[Source "ChessBase"]
[SourceDate "2021.10.06"]
[SourceVersion "1"]
[SourceVersionDate "2021.10.06"]
[SourceQuality "1"]

1. e4 c5 2. Nc3 Nc6 3. g3 g6 4. Bg2 Bg7 5. d3 d6 6. Be3 e6 7. Qd2 Rb8 8. Nge2 b5 9. f4 b4 10. Nd1 Nd4 11. Nc1 Ne7 12. c3 Ndc6 13. O-O O-O 14. Ne2 a5 15. Rc1 e5 16. h3 Bd7 17. Nf2 Kh8 18. g4 exf4 19. Bxf4 Ne5 20. Bh6 Bxh6 21. Qxh6 bxc3 22. bxc3 Rb2 23. Ng3 Rxf2 24. Rxf2 Nxd3 25. Rcf1 Nxf2 26. Rxf2 Ng8 27. Qf4 Be6 28. Rd2 Qf6 29. Qxd6 Qxc3 30. Nf1 Kg7 31. Rd3 Qf6 32. Qxc5 Bxa2 33. Qxa5 1/2-1/2

[Event "Hull CC 29 Ann-A"]
[Site "Gatineau CAN"]
[Date "2008.09.23"]
[Round "3"]
[White "Libersan, Mattieu"]
[Black "Szalay, Karoly"]
[Result "0-1"]
[WhiteElo "1948"]
[BlackElo "2095"]
[PlyCount "84"]
[GameId "2160767910319851"]
[EventDate "2008.09.09"]
[EventType "tourn"]
[EventRounds "5"]
[EventCountry "CAN"]
[SourceTitle "EXT 2022"]
[Source "ChessBase"]
[SourceDate "2021.10.06"]
[SourceVersion "1"]
[SourceVersionDate "2021.10.06"]
[SourceQuality "1"]

1. e4 e5 2. f4 exf4 3. Nf3 g5 4. Bc4 Bg7 5. h4 h6 6. hxg5 hxg5 7. Rxh8 Bxh8 8. d3 Nc6 9. Nc3 d6 10. Qe2 Bg4 11. Bb5 Nge7 12. Nd5 a6 13. Bxc6+ bxc6 14. Nxe7 Qxe7 15. c3 f5 16. Bd2 fxe4 17. Qxe4 Qxe4+ 18. dxe4 Bf6 19. Kf2 Kf7 20. Rh1 Kg6 21. g3 Bxf3 22. Kxf3 fxg3 23. Kxg3 Rb8 24. b3 Re8 25. Kf3 d5 26. Re1 dxe4+ 27. Rxe4 Rxe4 28. Kxe4 g4 29. Bf4 Bxc3 30. Bxc7 Kh5 31. Bg3 Bf6 32. b4 Bc3 33. a3 Bb2 34. a4 Bc3 35. Bd6 Kh4 36. Kd3 Be1 37. Kc4 g3 38. Kc5 g2 39. Bh2 Bf2+ 40. Kxc6 Kh3 41. Bg1 Bxg1 42. Kb7 Bd4 0-1

[Event "Hull CC 29 Ann-A"]
[Site "Gatineau CAN"]
[Date "2008.09.30"]
[Round "4"]
[White "Groleau, Gilles"]
[Black "Brousseau, Yvan"]
[Result "1-0"]
[WhiteElo "1959"]
[BlackElo "1996"]
[PlyCount "147"]
[GameId "2160767910319852"]
[EventDate "2008.09.09"]
[EventType "tourn"]
[EventRounds "5"]
[EventCountry "CAN"]
[SourceTitle "EXT 2022"]
[Source "ChessBase"]
[SourceDate "2021.10.06"]
[SourceVersion "1"]
[SourceVersionDate "2021.10.06"]
[SourceQuality "1"]

1. e4 Nc6 2. Nf3 Nf6 3. e5 Ng4 4. d4 d6 5. h3 Nh6 6. Bb5 Bd7 7. Nc3 dxe5 8. d5 Nb8 9. Nxe5 Bxb5 10. Bxh6 Nd7 11. Nxf7 Kxf7 12. Qh5+ Kg8 13. Qg4 Nc5 14. Nxb5 Qxd5 15. O-O Qe6 16. Be3 Qxg4 17. hxg4 Ne4 18. Nxc7 Rc8 19. Ne6 Rxc2 20. Rfc1 Rxc1+ 21. Rxc1 Nd6 22. Bxa7 Kf7 23. Ng5+ Kf6 24. f4 Nb5 25. Ne4+ Kf7 26. Be3 e6 27. a4 Nd6 28. Rc7+ Kg6 29. Ng3 b5 30. axb5 Nxb5 31. f5+ exf5 32. gxf5+ Kf6 33. Rb7 Nd6 34. Rb6 Ke5 35. Kf2 Be7 36. Kf3 Rf8 37. Bf4+ Kd5 38. Bxd6 Bxd6 39. Rb7 g6 40. Rxh7 gxf5 41. Rb7 Kc4 42. b3+ Kc5 43. Rh7 Kd5 44. Rh5 Ke6 45. Ne2 f4 46. Nd4+ Kd7 47. Rh7+ Ke8 48. Ne6 Rf6 49. Ng5 Rg6 50. Ne4 Be5 51. Rb7 Rc6 52. Rb5 Bc7 53. Rc5 Kd7 54. Rxc6 Kxc6 55. Ke2 Kd5 56. Kd3 Ba5 57. Ng5 Ke5 58. Nh3 Kf5 59. Nf2 Be1 60. Ke2 Ba5 61. Kf3 Bc7 62. Nd3 Bd6 63. b4 Bc7 64. b5 Kg5 65. Nb2 Kf5 66. Nc4 Ke6 67. Ke4 Bb8 68. b6 Kd7 69. Kd5 Ke7 70. Ne5 Bd6 71. b7 Bc7 72. Nc6+ Kf6 73. Ke4 Kg5 74. Kf3 1-0

[Event "Hull CC 29 Ann-A"]
[Site "Gatineau CAN"]
[Date "2008.09.30"]
[Round "4"]
[White "Libersan, Mattieu"]
[Black "Desjardins, Michel"]
[Result "0-1"]
[WhiteElo "1948"]
[BlackElo "1931"]
[PlyCount "68"]
[GameId "2160767910319853"]
[EventDate "2008.09.09"]
[EventType "tourn"]
[EventRounds "5"]
[EventCountry "CAN"]
[SourceTitle "EXT 2022"]
[Source "ChessBase"]
[SourceDate "2021.10.06"]
[SourceVersion "1"]
[SourceVersionDate "2021.10.06"]
[SourceQuality "1"]

1. e4 d5 2. exd5 Qxd5 3. Nc3 Qd6 4. d4 Nf6 5. Nf3 a6 6. g3 Bg4 7. Bg2 Nc6 8. O-O O-O-O 9. h3 Bh5 10. d5 Qc5 11. Be3 Qa5 12. dxc6 Rxd1 13. cxb7+ Kxb7 14. Raxd1 Bxf3 15. Bxf3+ Kc8 16. Rd3 e6 17. a3 Be7 18. b4 Qf5 19. Bg2 h5 20. Rb1 Rd8 21. b5 Rxd3 22. cxd3 axb5 23. Nxb5 Nd5 24. Be4 Qxh3 25. Bd4 f6 26. Rc1 Bd8 27. Bc5 Kd7 28. a4 c6 29. Nd4 h4 30. Bg2 Qg4 31. Kh2 hxg3+ 32. fxg3 Bc7 33. Nf3 Qxg3+ 34. Kg1 Nf4 0-1

[Event "Hull CC 29 Ann-A"]
[Site "Gatineau CAN"]
[Date "2008.09.30"]
[Round "4"]
[White "Szalay, Karoly"]
[Black "Cossette, Daniel"]
[Result "1-0"]
[WhiteElo "2095"]
[BlackElo "2116"]
[PlyCount "65"]
[GameId "2160767910319854"]
[EventDate "2008.09.09"]
[EventType "tourn"]
[EventRounds "5"]
[EventCountry "CAN"]
[SourceTitle "EXT 2022"]
[Source "ChessBase"]
[SourceDate "2021.10.06"]
[SourceVersion "1"]
[SourceVersionDate "2021.10.06"]
[SourceQuality "1"]

1. e4 c5 2. Nf3 Nc6 3. d4 cxd4 4. Nxd4 Nf6 5. Nc3 g6 6. Be3 Bg7 7. Bc4 O-O 8. Bb3 a5 9. a4 Ng4 10. Qxg4 Nxd4 11. Bxd4 Bxd4 12. Qg3 d6 13. O-O-O Bxc3 14. Qxc3 Bd7 15. h4 Qc8 16. Qe3 Be6 17. h5 Bxb3 18. Qxb3 Qe6 19. hxg6 Qxb3 20. gxh7+ Kg7 21. cxb3 Rh8 22. Rd5 Rxh7 23. Rxh7+ Kxh7 24. Rb5 Rc8+ 25. Kd2 Rc7 26. Rxa5 Kg6 27. f4 e6 28. g4 f6 29. g5 Rh7 30. gxf6 Kxf6 31. Rb5 Rc7 32. Kd3 Ke7 33. Rh5 1-0

[Event "Hull CC 29 Ann-A"]
[Site "Gatineau CAN"]
[Date "2008.10.07"]
[Round "5"]
[White "Brousseau, Yvan"]
[Black "Libersan, Mattieu"]
[Result "1/2-1/2"]
[WhiteElo "1996"]
[BlackElo "1948"]
[PlyCount "87"]
[GameId "2160767910319855"]
[EventDate "2008.09.09"]
[EventType "tourn"]
[EventRounds "5"]
[EventCountry "CAN"]
[SourceTitle "EXT 2022"]
[Source "ChessBase"]
[SourceDate "2021.10.06"]
[SourceVersion "1"]
[SourceVersionDate "2021.10.06"]
[SourceQuality "1"]

1. b3 e5 2. Bb2 Nc6 3. e3 d5 4. Bb5 Bd6 5. f4 Qh4+ 6. g3 Qe7 7. Nf3 Bg4 8. fxe5 Bxe5 9. Bxe5 Bxf3 10. Qxf3 Qxe5 11. Nc3 Nge7 12. Bxc6+ bxc6 13. O-O O-O 14. Na4 d4 15. exd4 Qxd4+ 16. Qf2 Rad8 17. Qxd4 Rxd4 18. d3 Ng6 19. Rfe1 h5 20. Kg2 h4 21. Nc3 hxg3 22. hxg3 f6 23. Re6 Ne5 24. Re7 Rf7 25. Re8+ Rf8 26. Rxf8+ Kxf8 27. Ne2 Rd5 28. Nf4 Ra5 29. a4 Kf7 30. d4 Ng4 31. Re1 Rf5 32. Re2 g5 33. Nd3 Rd5 34. c3 Nh6 35. Nc5 Nf5 36. Kf3 Ne7 37. Rh2 Kg6 38. Rh8 Rf5+ 39. Kg2 Nd5 40. Ra8 Ne3+ 41. Kg1 Rf1+ 42. Kh2 Rf2+ 43. Kg1 Rf1+ 44. Kh2 1/2-1/2

[Event "Hull CC 29 Ann-A"]
[Site "Gatineau CAN"]
[Date "2008.10.07"]
[Round "5"]
[White "Cossette, Daniel"]
[Black "Groleau, Gilles"]
[Result "1/2-1/2"]
[WhiteElo "2116"]
[BlackElo "1959"]
[PlyCount "72"]
[GameId "2160767910319856"]
[EventDate "2008.09.09"]
[EventType "tourn"]
[EventRounds "5"]
[EventCountry "CAN"]
[SourceTitle "EXT 2022"]
[Source "ChessBase"]
[SourceDate "2021.10.06"]
[SourceVersion "1"]
[SourceVersionDate "2021.10.06"]
[SourceQuality "1"]

1. e4 c5 2. d4 cxd4 3. c3 Nf6 4. e5 Nd5 5. cxd4 e6 6. Bc4 Nb6 7. Bb3 d6 8. exd6 Bxd6 9. Nf3 Nc6 10. Nc3 O-O 11. O-O a6 12. Re1 Nb4 13. Bg5 Be7 14. Bxe7 Qxe7 15. d5 Rd8 16. dxe6 Rxd1 17. exf7+ Kf8 18. Raxd1 Qxe1+ 19. Rxe1 Bf5 20. Re5 Bc2 21. Be6 Nc6 22. Re2 Bg6 23. Nd5 Nxd5 24. Bxd5 Bxf7 25. Bxf7 Kxf7 26. Ne5+ Nxe5 27. Rxe5 Rc8 28. f3 Rc2 29. a4 Rxb2 30. a5 Kf6 31. f4 h6 32. h4 Rb4 33. g3 Rb2 34. Kf1 Rb3 35. Kf2 Rb2+ 36. Kf3 Rb3+ 1/2-1/2

[Event "Hull CC 29 Ann-A"]
[Site "Gatineau CAN"]
[Date "2008.10.07"]
[Round "5"]
[White "Desjardins, Michel"]
[Black "Szalay, Karoly"]
[Result "0-1"]
[WhiteElo "1931"]
[BlackElo "2095"]
[PlyCount "60"]
[GameId "2160767910319857"]
[EventDate "2008.09.09"]
[EventType "tourn"]
[EventRounds "5"]
[EventCountry "CAN"]
[SourceTitle "EXT 2022"]
[Source "ChessBase"]
[SourceDate "2021.10.06"]
[SourceVersion "1"]
[SourceVersionDate "2021.10.06"]
[SourceQuality "1"]

1. e4 e5 2. Nf3 Nc6 3. Bc4 Bc5 4. d3 d6 5. Nc3 Nf6 6. Bg5 h6 7. Bxf6 Qxf6 8. Nd5 Qd8 9. c3 a6 10. d4 exd4 11. cxd4 Ba7 12. h3 O-O 13. O-O Be6 14. Rc1 Qd7 15. Re1 Rac8 16. Bxa6 Bxd5 17. Bxb7 Rce8 18. exd5 Nxd4 19. Nxd4 Rxe1+ 20. Qxe1 Bxd4 21. Qd2 Be5 22. Bc6 Qf5 23. a4 Rb8 24. Rc2 Bf4 25. Qe2 Rb4 26. a5 Re4 27. Qd1 Be5 28. a6 Bd4 29. Rd2 Qe5 30. Kf1 Qh2 0-1

[Event "Hull CC 29 Ann-B"]
[Site "Gatineau CAN"]
[Date "2008.09.09"]
[Round "1"]
[White "Arsenault, Yves"]
[Black "Jiang, Qizhe"]
[Result "1-0"]
[WhiteElo "1458"]
[BlackElo "1006"]
[PlyCount "75"]
[GameId "2160767910319858"]
[EventDate "2008.09.09"]
[EventType "swiss"]
[EventRounds "5"]
[EventCountry "CAN"]
[SourceTitle "EXT 2022"]
[Source "ChessBase"]
[SourceDate "2021.10.06"]
[SourceVersion "1"]
[SourceVersionDate "2021.10.06"]
[SourceQuality "1"]

1. e4 e5 2. Nf3 Nc6 3. Bb5 Nf6 4. d3 Bd6 5. Nbd2 h6 6. Nc4 Qe7 7. c3 a6 8. Bxc6 dxc6 9. O-O Be6 10. Na5 Bg4 11. Nxb7 Bxf3 12. Qxf3 O-O 13. Na5 c5 14. Re1 Rab8 15. Nc6 Qe8 16. Nxb8 Qxb8 17. Qg3 Nh5 18. Qh4 Nf4 19. Re3 Ng6 20. Qg4 Qc8 21. Rg3 Qxg4 22. Rxg4 Rb8 23. b3 Nf4 24. Bxf4 exf4 25. d4 cxd4 26. cxd4 f6 27. Re1 Re8 28. Rh4 c5 29. dxc5 Bxc5 30. Rxf4 Bb4 31. Rd1 Rc8 32. e5 Bd2 33. Rd4 Bc3 34. Rd8+ Rxd8 35. Rxd8+ Kf7 36. exf6 gxf6 37. Rc8 Bd4 38. Ra8 1-0

[Event "Hull CC 29 Ann-B"]
[Site "Gatineau CAN"]
[Date "2008.09.09"]
[Round "1"]
[White "Berthiaume, Patrick"]
[Black "Menard, Marc"]
[Result "0-1"]
[WhiteElo "1201"]
[BlackElo "1574"]
[PlyCount "54"]
[GameId "2160767910319859"]
[EventDate "2008.09.09"]
[EventType "swiss"]
[EventRounds "5"]
[EventCountry "CAN"]
[SourceTitle "EXT 2022"]
[Source "ChessBase"]
[SourceDate "2021.10.06"]
[SourceVersion "1"]
[SourceVersionDate "2021.10.06"]
[SourceQuality "1"]

1. d4 Nf6 2. Nf3 d6 3. c4 g6 4. Nc3 Bg7 5. e3 O-O 6. Bd3 e6 7. Bd2 e5 8. Bc2 exd4 9. exd4 Re8+ 10. Be3 Ng4 11. Qe2 Nxe3 12. fxe3 Nc6 13. Ba4 Bxd4 14. Nxd4 Nxd4 15. Qd3 Qh4+ 16. g3 Nf3+ 17. Kf2 Ne5 18. gxh4 Nxd3+ 19. Ke2 Nxb2 20. Bxe8 Bg4+ 21. Kd2 Nxc4+ 22. Kd3 Ne5+ 23. Ke4 Rxe8 24. Nd5 Bf3+ 25. Kf4 Bxd5 26. e4 Nd3+ 27. Ke3 Bxe4 0-1

[Event "Hull CC 29 Ann-B"]
[Site "Gatineau CAN"]
[Date "2008.09.09"]
[Round "1"]
[White "Blouin, Francois"]
[Black "Berthiaume, Serge"]
[Result "1-0"]
[WhiteElo "1604"]
[BlackElo "1246"]
[PlyCount "65"]
[GameId "2160767910319860"]
[EventDate "2008.09.09"]
[EventType "swiss"]
[EventRounds "5"]
[EventCountry "CAN"]
[SourceTitle "EXT 2022"]
[Source "ChessBase"]
[SourceDate "2021.10.06"]
[SourceVersion "1"]
[SourceVersionDate "2021.10.06"]
[SourceQuality "1"]

1. e4 e5 2. Nf3 d6 3. g3 Be7 4. Bg2 Nc6 5. Nc3 Nf6 6. O-O h6 7. Re1 Be6 8. d4 Bg4 9. d5 Nd4 10. Be3 Nxf3+ 11. Bxf3 Bh3 12. Bg2 Qd7 13. f4 Bxg2 14. Kxg2 Ng4 15. Bg1 exf4 16. gxf4 O-O-O 17. f5 Ne5 18. a4 Rdg8 19. Rf1 Bf6 20. Nb5 a6 21. Nd4 Qe7 22. Qe2 g6 23. Kh1 gxf5 24. Nxf5 Qf8 25. Bd4 h5 26. b4 b6 27. Qxa6+ Kd7 28. Qb5+ Kd8 29. a5 Qe8 30. Qa6 Rg6 31. axb6 cxb6 32. Qxb6+ Kd7 33. Ra7+ 1-0

[Event "Hull CC 29 Ann-B"]
[Site "Gatineau CAN"]
[Date "2008.09.09"]
[Round "1"]
[White "Carriere, Stephen"]
[Black "Scantland, Patrick"]
[Result "0-1"]
[WhiteElo "1290"]
[BlackElo "1711"]
[PlyCount "62"]
[GameId "2160767910319861"]
[EventDate "2008.09.09"]
[EventType "swiss"]
[EventRounds "5"]
[EventCountry "CAN"]
[SourceTitle "EXT 2022"]
[Source "ChessBase"]
[SourceDate "2021.10.06"]
[SourceVersion "1"]
[SourceVersionDate "2021.10.06"]
[SourceQuality "1"]

1. e4 e5 2. Nf3 Nf6 3. Nxe5 d6 4. Nxf7 Kxf7 5. h3 Be7 6. Bc4+ Be6 7. Bxe6+ Kxe6 8. Qf3 Kf7 9. d4 Nbd7 10. Qb3+ d5 11. e5 Re8 12. Be3 Nb6 13. exf6 Bxf6 14. Qd3 Kg8 15. Nd2 Rc8 16. O-O-O a5 17. g4 c5 18. h4 Qd7 19. g5 c4 20. Qa3 Bd8 21. h5 Na4 22. Nf3 Be7 23. Ne5 Qb5 24. Qxe7 Rxe7 25. b3 cxb3 26. axb3 Qxb3 27. Rd2 Qb2+ 28. Kd1 Qb1+ 29. Ke2 Qxh1 30. h6 Nc3+ 31. Kd3 Qe4# 0-1

[Event "Hull CC 29 Ann-B"]
[Site "Gatineau CAN"]
[Date "2008.09.09"]
[Round "1"]
[White "Duret, Serge"]
[Black "Villeneuve, Luc"]
[Result "0-1"]
[WhiteElo "1021"]
[BlackElo "1467"]
[PlyCount "46"]
[GameId "2160767910319862"]
[EventDate "2008.09.09"]
[EventType "swiss"]
[EventRounds "5"]
[EventCountry "CAN"]
[SourceTitle "EXT 2022"]
[Source "ChessBase"]
[SourceDate "2021.10.06"]
[SourceVersion "1"]
[SourceVersionDate "2021.10.06"]
[SourceQuality "1"]

1. e4 d6 2. f4 Nf6 3. Nc3 c5 4. Nf3 Nc6 5. Bc4 e6 6. d3 Be7 7. O-O O-O 8. b3 a6 9. a4 d5 10. exd5 exd5 11. Nxd5 Nxd5 12. Bxd5 Qxd5 13. Bb2 Bg4 14. c4 Bxf3 15. Rxf3 Qf5 16. Rg3 Bf6 17. Qd2 Nd4 18. Rf1 Rfe8 19. Bxd4 Bxd4+ 20. Kh1 Re7 21. Rg5 Qf6 22. f5 Rae8 23. h3 Be3 0-1

[Event "Hull CC 29 Ann-B"]
[Site "Gatineau CAN"]
[Date "2008.09.09"]
[Round "1"]
[White "Gagnon, Fabien"]
[Black "MacIsaac, Alexandre"]
[Result "1-0"]
[WhiteElo "1963"]
[BlackElo "1356"]
[PlyCount "87"]
[GameId "2160767910319863"]
[EventDate "2008.09.09"]
[EventType "swiss"]
[EventRounds "5"]
[EventCountry "CAN"]
[SourceTitle "EXT 2022"]
[Source "ChessBase"]
[SourceDate "2021.10.06"]
[SourceVersion "1"]
[SourceVersionDate "2021.10.06"]
[SourceQuality "1"]

1. d4 d5 2. Nf3 Nf6 3. g3 Bg4 4. Bg2 e6 5. O-O c5 6. c4 Nbd7 7. cxd5 exd5 8. Nc3 Qb6 9. dxc5 Nxc5 10. Nxd5 Nxd5 11. Qxd5 Rd8 12. Qe5+ Be6 13. Be3 Rd5 14. Qc3 Na4 15. Bxb6 Nxc3 16. Bxa7 Nxe2+ 17. Kh1 Rb5 18. b3 Bd6 19. Rfe1 Ra5 20. Rxe2 Rxa7 21. Nd4 Kd7 22. Rd1 Rd8 23. Nb5 Ra6 24. Nxd6 Rxd6 25. Rxd6+ Kxd6 26. Rd2+ Kc7 27. Rxd8 Kxd8 28. Bxb7 Kc7 29. Be4 h5 30. Kg2 f5 31. Bc2 g5 32. Kf3 Kd6 33. Ke3 Kc5 34. a3 Kd5 35. f4 g4 36. Kd3 Bc8 37. Kc3 Bd7 38. b4 Ke6 39. Kd4 Bc6 40. Kc5 Be4 41. Bb3+ Kf6 42. b5 Kg6 43. b6 h4 44. Bd5 1-0

[Event "Hull CC 29 Ann-B"]
[Site "Gatineau CAN"]
[Date "2008.09.09"]
[Round "1"]
[White "Labelle, Raymond"]
[Black "Guimond, Michel"]
[Result "0-1"]
[WhiteElo "1314"]
[BlackElo "1866"]
[PlyCount "58"]
[GameId "2160767910319864"]
[EventDate "2008.09.09"]
[EventType "swiss"]
[EventRounds "5"]
[EventCountry "CAN"]
[SourceTitle "EXT 2022"]
[Source "ChessBase"]
[SourceDate "2021.10.06"]
[SourceVersion "1"]
[SourceVersionDate "2021.10.06"]
[SourceQuality "1"]

1. e4 c5 2. Nf3 d6 3. d4 cxd4 4. Nxd4 Nf6 5. Bd3 g6 6. Nc3 Bg7 7. Be2 O-O 8. Be3 Nc6 9. Nxc6 bxc6 10. O-O Qa5 11. f4 Qb4 12. e5 Ne4 13. Bd4 c5 14. Nd5 Qxd4+ 15. Qxd4 cxd4 16. Nxe7+ Kh8 17. Bf3 d5 18. Nxd5 Nd2 19. Rfd1 Nxf3+ 20. gxf3 Bf5 21. Rxd4 Bxc2 22. Rc1 Bf5 23. Ne7 Be6 24. b3 Rfd8 25. Ra4 Bf8 26. Nc6 Rdc8 27. Ra6 Rc7 28. Rd1 Rac8 29. Nxa7 Bc5+ 0-1

[Event "Hull CC 29 Ann-B"]
[Site "Gatineau CAN"]
[Date "2008.09.09"]
[Round "1"]
[White "Laurin, Jacques"]
[Black "Rainey, Ivan"]
[Result "1-0"]
[WhiteElo "1819"]
[BlackElo "1299"]
[PlyCount "55"]
[GameId "2160767910319865"]
[EventDate "2008.09.09"]
[EventType "swiss"]
[EventRounds "5"]
[EventCountry "CAN"]
[SourceTitle "EXT 2022"]
[Source "ChessBase"]
[SourceDate "2021.10.06"]
[SourceVersion "1"]
[SourceVersionDate "2021.10.06"]
[SourceQuality "1"]

1. c4 Nf6 2. d3 g6 3. Nc3 Bg7 4. e4 d6 5. d4 Bg4 6. Nge2 e6 7. Qb3 Qc8 8. e5 dxe5 9. dxe5 Nfd7 10. h3 Bxe2 11. Bxe2 c6 12. Ne4 Bxe5 13. Be3 O-O 14. Bh6 Rd8 15. O-O-O Qc7 16. g3 Na6 17. Qe3 Qb6 18. Qd2 Nac5 19. Ng5 a5 20. Bg4 a4 21. f4 Bf6 22. Qe2 a3 23. Bxe6 fxe6 24. b3 Qb4 25. Rhe1 Nxb3+ 26. axb3 Bb2+ 27. Kb1 Qc3 28. Qxe6+ 1-0

[Event "Hull CC 29 Ann-B"]
[Site "Gatineau CAN"]
[Date "2008.09.09"]
[Round "1"]
[White "Lemieux, Richard"]
[Black "Sunatori, Evelyne"]
[Result "1-0"]
[WhiteElo "1535"]
[BlackElo "1170"]
[PlyCount "63"]
[GameId "2160767910319866"]
[EventDate "2008.09.09"]
[EventType "swiss"]
[EventRounds "5"]
[EventCountry "CAN"]
[SourceTitle "EXT 2022"]
[Source "ChessBase"]
[SourceDate "2021.10.06"]
[SourceVersion "1"]
[SourceVersionDate "2021.10.06"]
[SourceQuality "1"]

1. e4 e5 2. f4 f6 3. fxe5 fxe5 4. Qh5+ g6 5. Qxe5+ Qe7 6. Qxh8 Qxe4+ 7. Ne2 Ne7 8. d3 Qh4+ 9. g3 Qh5 10. Nbc3 Nbc6 11. Nf4 Qe5+ 12. Qxe5 Nxe5 13. Ncd5 Nxd5 14. Nxd5 Kd8 15. Bg5+ Ke8 16. Nxc7+ Kf7 17. Nxa8 Nf3+ 18. Ke2 Nxg5 19. Nc7 b6 20. Bg2 a6 21. h4 Ne6 22. Nxe6 dxe6 23. Rhf1+ Kg8 24. Rf6 Bg7 25. Raf1 Bxf6 26. Rxf6 Kg7 27. Rf4 e5 28. Rc4 Be6 29. Rc7+ Kh6 30. Bf3 g5 31. Rc6 gxh4 32. Rxe6+ 1-0

[Event "Hull CC 29 Ann-B"]
[Site "Gatineau CAN"]
[Date "2008.09.09"]
[Round "1"]
[White "Levesque, Andre"]
[Black "Arsenault, Michel"]
[Result "0-1"]
[WhiteElo "1418"]
[BlackElo "1989"]
[PlyCount "64"]
[GameId "2160767910319867"]
[EventDate "2008.09.09"]
[EventType "swiss"]
[EventRounds "5"]
[EventCountry "CAN"]
[SourceTitle "EXT 2022"]
[Source "ChessBase"]
[SourceDate "2021.10.06"]
[SourceVersion "1"]
[SourceVersionDate "2021.10.06"]
[SourceQuality "1"]

1. e4 c5 2. Nc3 Nc6 3. f4 g6 4. Nf3 Bg7 5. Bc4 e6 6. O-O Nge7 7. d3 O-O 8. Be3 d5 9. exd5 exd5 10. Bxd5 Nxd5 11. Bxc5 Re8 12. Qd2 Nxc3 13. bxc3 Qd5 14. Bf2 Bg4 15. Bg3 Bxf3 16. Rxf3 Qa5 17. Be1 Rxe1+ 18. Qxe1 Bxc3 19. Qd1 Qc5+ 20. Kf1 Bxa1 21. Qxa1 Re8 22. c3 Re3 23. d4 Rxf3+ 24. gxf3 Qc4+ 25. Kf2 Ne7 26. Qb2 Qc7 27. Qd2 Nd5 28. Qe2 Qxf4 29. Qe8+ Kg7 30. Qe5+ Qxe5 31. dxe5 Nxc3 32. a3 b5 0-1